China's transformation : (Record no. 151276)

MARC details
000 -LEADER
fixed length control field 00645nam a22001937a 4500
005 - DATE AND TIME OF LATEST TRANSACTION
control field 20180417103912.0
010 ## - LCCN (DPL NO)
LC control number ENG-122594
020 ## - INTERNATIONAL STANDARD BOOK NUMBER
International Standard Book Number 9789386602848
Terms of availability 1100.00
035 ## - SYSTEM CONTROL NUMBER
System control number EN-106126
037 ## - SOURCE OF ACQUISITION
Source of stock number/acquisition DBAD/PUB
082 ## - DEWEY DECIMAL CLASSIFICATION NUMBER
Classification number 330.951
100 ## - MAIN ENTRY--PERSONAL NAME
Personal name Mohanty, Manoranjan
245 ## - TITLE STATEMENT
Title China's transformation :
Statement of responsibility, etc by Manoranjan Mohanty
Remainder of title the success story and the success trap /
260 ## - PUBLICATION, DISTRIBUTION, ETC. (IMPRINT)
Place of publication, distribution, etc New Delhi
Name of publisher, distributor, etc Sage Publications
Date of publication, distribution, etc 2018
270 ## - ADDRESS
Address B-1/I-1, Mohan Cooperative Industrial Area, Mathura Road,
City New Delhi
Postal code 110044
300 ## - PHYSICAL DESCRIPTION
Extent 376p.
Dimensions 22cm.(Hb)
Other physical details ill.
500 ## - GENERAL NOTE
General note It include index
942 ## - ADDED ENTRY ELEMENTS (KOHA)
Source of classification or shelving scheme Dewey Decimal Classification
Item type English Books
Call number suffix MOH
Classification part 330.951
Holdings
Withdrawn status Lost status Not for loan Collection code Home library Current library Date acquired Source of acquisition Cost, normal purchase price Full call number Barcode Copy number Cost, replacement price Koha item type
    Not For Loan Non-fiction D.B.Act.Division Patel Nagar 17/04/2018 DBAD/PUB 1100.00 330.951 MOH EN-106126 1 1100.00 English Books

© Delhi Public Library
Hit Counter
free hit counter